000 00806nam a2200229Ii 4500
003 JO-AjNU
008 230605s9999||||xx |||||||||||||| ||und||
017 _a2012/10700
020 _a978-977-04-7023-5
040 _aJO-AjNU
_bara
_erda
_cJO-AjNU
041 _aara
050 1 4 _aK845.2013
100 3 _a عيسى، صفوان حمزة إبراهيم ,
_eauthor
_944842
245 0 0 _aالأحكام القانونية للتجارة الإلكترونية " دراسة مقارنة "
250 _a(د،ط)
264 3 1 _aالقاهرة : دار النهضة العربية ، 2013
300 _a493ص
336 _atext
_btxt
_2rdacontent
337 _aunmediated
_bn
_2rdamedia
338 _avolume
_bnc
_2rdacarrier
650 4 _aاحكام قانونية -- تجارة الكترونية
_944843
999 _aA19393
_c22961
_d22961